Classifica Marcatori Europa League 2024-2025 - Statistics

Statistiche generali
  • Questo quiz è stato fatto 16 volte
  • Il punteggio medio è 4 su 10
Statistiche sulle risposte
Gol Nazione Squadra Calciatore % Corretto
7 Portogallo Manchester Utd Bruno Fernandes
100%
6 Danimarca Manchester Utd Rasmus Højlund
93%
6 Nigeria Galatasaray Victor Osimhen
87%
6 Marocco Fenerbahçe Youssef En-Nesyri
40%
7 Marocco Olympiacos Ayoub El Kaabi
33%
6 Ungheria Ferencváros Barnabás Varga
7%
7 Danimarca Bodø/Glimt Kasper Høgh
7%
6 Belgio Olympique Lione Malick Fofana
7%
6 Spagna Porto Samu Aghehowa
7%
6 Repubblica Ceca Rangers Václav Černý
7%
Nessun quiz corrispondente trovato
Distribuzione punteggi
Percentuale di utenti per punteggio
Percentile per numero di risposta
I tuoi punteggi nel tempo
Non hai fatto questo quiz